Swimmy / (Record no. 2298)

MARC details
000 -LEADER
fixed length control field 00845cam a2200265 i 4500
005 - DATE AND TIME OF LATEST TRANSACTION
control field 20231115121854.0
020 ## - INTERNATIONAL STANDARD BOOK NUMBER
International Standard Book Number 9780399555503
020 ## - INTERNATIONAL STANDARD BOOK NUMBER
International Standard Book Number 9780590430494
040 ## - CATALOGING SOURCE
Original cataloging agency DLC
Language of cataloging eng
Transcribing agency DLC
Description conventions rda
050 00 - LIBRARY OF CONGRESS CALL NUMBER
Classification number PZ7.L6634
Item number Swi 2017
082 00 - DEWEY DECIMAL CLASSIFICATION NUMBER
Classification number 741.642
Edition number 23
100 1# - MAIN ENTRY--PERSONAL NAME
Personal name Lionni, Leo
Dates associated with a name 1910-1999
Relator term author
-- illustrator
245 10 - TITLE STATEMENT
Title Swimmy /
Statement of responsibility, etc. by Leo Lionni
250 ## - EDITION STATEMENT
Edition statement First Scholastic printing, October 1989
260 ## - PUBLICATION, DISTRIBUTION, ETC.
Place of publication, distribution, etc. New York :
Name of publisher, distributor, etc. Scholastic,
Date of publication, distribution, etc. 1963
300 ## - PHYSICAL DESCRIPTION
Extent 23 unnumbered pages :
Other physical details illustrations
Dimensions 23 cm
505 ## - FORMATTED CONTENTS NOTE
Formatted contents note K
520 ## - SUMMARY, ETC.
Summary, etc. A little black fish in a school of red fish figures out a way of protecting them all from their natural enemies.
521 ## - TARGET AUDIENCE NOTE
Target audience note 570
Source Lexile
521 ## - TARGET AUDIENCE NOTE
Target audience note K
Source Raz-Plus
650 #1 - SUBJECT ADDED ENTRY--TOPICAL TERM
Topical term or geographic name entry element Fishes
Form subdivision Fiction.
906 ## - LOCAL DATA ELEMENT F, LDF (RLIN)
a 7
b cbc
c origcop
d 2
e ncip
f 20
g y-gencatlg
942 ## - ADDED ENTRY ELEMENTS (KOHA)
Source of classification or shelving scheme Dewey Decimal Classification
Koha item type Books
Suppress in OPAC No
999 ## -
-- 2298
-- 2298
Holdings
Withdrawn status Lost status Source of classification or shelving scheme Damaged status Not for loan Collection Home library Current library Shelving location Date acquired Total Checkouts Full call number Barcode Date last seen Date last checked out Copy number Price effective from Koha item type
    Dewey Decimal Classification     Juvenile Fiction Footprints International School Library Network Toul Kork Campus Footprints International School Library Network Toul Kork Campus TK Primary Library Room(4th Floor), Bookcase 3&4, Shelves 17-32, Yellow Books 11/15/2023 1 LIO 741.642 PZ7.L6634 FISBK01030 01/30/2025 08/06/2024 1 11/15/2023 Books
    Dewey Decimal Classification     Juvenile Fiction Footprints International School Library Network Toul Kork Campus Footprints International School Library Network Toul Kork Campus TK Primary Library Room(4th Floor), Bookcase 3&4, Shelves 17-32, Yellow Books 11/15/2023   LIO 741.642 PZ7.L6634 FISTK02080 02/21/2024   2 11/15/2023 Books
    Dewey Decimal Classification     Juvenile Fiction Footprints International School Library Network Toul Tom Poung Campus Footprints International School Library Network Toul Tom Poung Campus TTP Primary Yellow Bookshelves 09/09/2025   LIO 741.642 PZ7.L6634 FIS01958 09/09/2025   3 09/09/2025 Books